Harry Potter - Name The Hogwarts Students - Statistics

General Stats
  • This quiz has been taken 4,469 times
    3,825 since last reset
  • The average score is 30 of 43
Answer Stats
Hint Answer % Correct
Gryffindor Harry Potter
100%
Ron Weasley
99%
Slytherin Draco Malfoy
98%
Hermione Granger
98%
Fred Weasley
96%
George Weasley
96%
Gregory Goyle
93%
Ginny Weasley
92%
Ravenclaw Luna Lovegood
92%
Vincent Crabbe
92%
Neville Longbottom
91%
Cho Chang
90%
Seamus Finnigan
90%
Dean Thomas
88%
Percy Weasley
86%
Hufflepuff Cedric Diggory
85%
Pansy Parkinson
84%
Parvati Patil
77%
Lavender Brown
74%
Padma Patil
73%
Oliver Wood
72%
Katie Bell
71%
Angelina Johnson
70%
Blaise Zabini
69%
Colin Creevey
69%
Hannah Abbott
67%
Susan Bones
58%
Dennis Creevey
57%
Lee Jordan
56%
Justin Finch-Fletchley
55%
Ernie Macmillan
54%
Alicia Spinnet
53%
Marcus Flint
53%
Cormac Mclaggen
49%
Millicent Bulstrode
47%
Zacharias Smith
43%
Michael Corner
38%
Terry Boot
38%
Penelope Clearwater
34%
Marietta Edgecombe
33%
Romilda Vane
31%
Theodore Nott
31%
Anthony Goldstein
26%
No matching quizzes found
Score Distribution
Percent of People with Each Score
Percentile by Number Answered
Your Score History
You have not taken this quiz since the last reset